[Event "52nd Groningen Open"]
[Site "Groningen NED"]
[Date "2014.12.24"]
[Round "4.14"]
[White "Sreeves, Clement"]
[Black "Dobrov, Vladimir"]
[Result "1/2-1/2"]
[BlackTitle "GM"]
[WhiteElo "2284"]
[BlackElo "2495"]
[WhiteFideId "2402564"]
[BlackFideId "4136594"]
[EventDate "2014.12.21"]

1. e4 c5 2. Nc3 Nc6 3. Nf3 d6 4. d4 cxd4 5. Nxd4 Nf6 6. Bg5 e6 7. Qd2 a6 8.
O-O-O Bd7 9. f3 Be7 10. h4 Nxd4 11. Qxd4 Qa5 12. Kb1 Rc8 13. Qd2 h6 14. Be3 b5
15. g4 b4 16. Ne2 e5 17. Nc1 Be6 18. Bh3 Qc7 19. g5 hxg5 20. Bxe6 fxe6 21. hxg5
Rxh1 22. Rxh1 Nd7 23. Nd3 a5 24. f4 exf4 25. Nxf4 Nf8 26. Rh8 Qc4 27. Qd3 a4 28.
b3 Qxd3 29. Nxd3 axb3 30. axb3 Rb8 31. Bd2 Rb5 32. Nxb4 Bxg5 33. Rh5 Bxd2 34.
Rxb5 g5 35. Nd3 g4 36. Rh5 Nd7 37. Rh2 Bc3 38. Rg2 Nf6 39. Nf2 Bd4 40. e5 g3 41.
Nh1 Ne4 42. Nxg3 Nc3+ 43. Kc1 Bxe5 44. Kd2 Kd7 45. Ne2 Ne4+ 46. Ke3 d5 47. Nd4
Bf6 48. b4 e5 49. Nb3 Nc3 50. Nc5+ Ke7 51. Kf3 e4+ 52. Kf4 Bd4 53. Rh2 e3 54.
Nd3 Kd7 55. Nc1 Kc6 56. Ne2 Nxe2+ 57. Rxe2 Kb5 58. Rxe3 Bxe3+ 59. Kxe3 Kc4 60.
b5 Kxb5 61. Kd4 Kc6 62. c4 1/2-1/2

[Event "52nd Groningen Open"]
[Site "Groningen NED"]
[Date "2014.12.24"]
[Round "4.15"]
[White "Wempe, Joost"]
[Black "Klekowski, Maciej"]
[Result "1/2-1/2"]
[WhiteElo "2262"]
[BlackElo "2418"]
[WhiteFideId "1005502"]
[BlackFideId "1132717"]
[EventDate "2014.12.21"]

1. d4 Nf6 2. c4 e6 3. g3 d5 4. Nf3 Be7 5. Bg2 O-O 6. O-O dxc4 7. Qc2 a6 8. Qxc4
b5 9. Qc2 Bb7 10. Bg5 Nbd7 11. Bxf6 Nxf6 12. Nbd2 Rc8 13. Nb3 Be4 14. Qc3 Nd5
15. Qd2 c5 16. dxc5 Bxc5 17. Nxc5 Rxc5 18. Rfc1 Rxc1+ 19. Rxc1 Qa8 20. Bf1 Nf6
21. Ne5 Rc8 22. f3 Bd5 23. a3 h6 24. e4 Rxc1 25. Qxc1 Qb8 26. Qc3 Qb6+ 27. Kg2
Bb7 28. b4 Qd6 29. Qc5 Qd2+ 30. Qf2 Qc3 31. Qc5 Qd2+ 32. Qf2 Qc3 33. Qc5 Qd2+ 1/2-1/2

[Event "52nd Groningen Open"]
[Site "Groningen NED"]
[Date "2014.12.24"]
[Round "4.16"]
[White "Bulmaga, Irina"]
[Black "Kerigan, Demre"]
[Result "1/2-1/2"]
[WhiteTitle "IM"]
[BlackTitle "FM"]
[WhiteElo "2392"]
[BlackElo "2277"]
[WhiteFideId "13903063"]
[BlackFideId "6307841"]
[EventDate "2014.12.21"]

1. e4 d6 2. d4 Nf6 3. Nc3 g6 4. f4 Bg7 5. Nf3 c5 6. Bb5+ Bd7 7. Bxd7+ Nfxd7 8.
d5 b5 9. Nxb5 Qa5+ 10. Nc3 Bxc3+ 11. bxc3 Qxc3+ 12. Bd2 Qc4 13. Qe2 Qxe2+ 14.
Kxe2 f5 15. exf5 Nb6 16. fxg6 hxg6 17. Kd3 Nxd5 18. c4 Nc7 19. Bc3 Rf8 20. g3
Nc6 21. Rhe1 O-O-O 22. Ng5 e5 23. fxe5 dxe5+ 24. Ke3 Nd4 25. Bxd4 cxd4+ 26. Kd3
Rf5 27. Ne4 Rf3+ 28. Kd2 Ra3 29. Nc5 Re8 30. Re4 Na6 31. Nxa6 Rxa6 32. a4 Ra5
33. Rae1 Kd7 34. Kd3 Re6 35. Rb1 a6 36. Rh4 Rxa4 37. Ke4 Rxc4 38. Rh7+ Kd6 39.
Rbb7 Rc6 40. Rhd7+ Kc5 41. Rd5+ Kc4 42. Rb1 Kc3 43. Ra5 Kc2 44. Raa1 Rc3 45. Kd5
Re8 46. Rc1+ Kd2 47. Rd1+ Ke2 48. Re1+ Kf2 49. Rg1 Re3 50. Raf1+ Ke2 51. Re1+
Kf3 52. Ref1+ Kg4 53. Rf6 Rd8+ 54. Ke6 d3 55. Rxg6+ Kh5 56. Rf6 d2 57. g4+ Kh4
58. Rf5 Rh8 59. Rd1 Re2 60. g5 Rg8 61. Kf6 Kh5 62. g6+ Kh6 63. Rg1 Re1 64. Rg3
Rf8+ 65. Ke7 d1=Q 66. Rxf8 Qd5 67. Rh3+ Kg7 68. Rf7+ Kg8 69. Rf8+ Kg7 70. Rf7+
Kxg6 71. Rg3+ Kh6 72. Rh3+ 1/2-1/2

[Event "52nd Groningen Open"]
[Site "Groningen NED"]
[Date "2014.12.24"]
[Round "4.17"]
[White "Mohammad, Nubairshah Shaikh"]
[Black "Pijpers, Arthur"]
[Result "1/2-1/2"]
[WhiteElo "2275"]
[BlackElo "2355"]
[WhiteFideId "5053196"]
[BlackFideId "1019554"]
[EventDate "2014.12.21"]

1. d4 Nf6 2. c4 c5 3. d5 b5 4. cxb5 a6 5. bxa6 e6 6. Nc3 exd5 7. Nxd5 Nxa6 8.
Nf3 Nxd5 9. Qxd5 Nc7 10. Qe4+ Qe7 11. Qxe7+ Bxe7 12. e4 O-O 13. Bf4 Ne6 14. Be5
Bb7 15. Bd3 d6 16. Bg3 d5 17. exd5 Bxd5 18. O-O Bf6 19. Be5 Bxe5 20. Nxe5 Nf4
21. Bc4 Bxg2 22. Rfd1 Bh3 23. Rac1 Ra7 24. Rc3 Be6 1/2-1/2

[Event "52nd Groningen Open"]
[Site "Groningen NED"]
[Date "2014.12.24"]
[Round "4.18"]
[White "Hoeksema, Hendrik Pieter"]
[Black "Van Osch, Mees"]
[Result "1-0"]
[WhiteTitle "IM"]
[WhiteElo "2342"]
[BlackElo "2261"]
[WhiteFideId "1000454"]
[BlackFideId "1035967"]
[EventDate "2014.12.21"]

1. d4 Nf6 2. c4 g6 3. Nc3 Bg7 4. e4 d6 5. Nge2 O-O 6. f3 a6 7. Be3 Nc6 8. d5 Ne5
9. Ng3 h5 10. Be2 h4 11. Nf1 Rb8 12. a4 c5 13. h3 Qb6 14. Ra3 Re8 15. f4 Ned7
16. Nd2 e6 17. O-O exd5 18. cxd5 Qc7 19. Qe1 Nf8 20. Qxh4 Bd7 21. a5 b5 22. axb6
Rxb6 23. e5 dxe5 24. Nc4 Rb4 25. fxe5 Qxe5 26. Bxc5 Nxd5 27. Qf2 Qe6 28. Nxd5
Rb5 29. Nf4 Qc6 30. b4 1-0

[Event "52nd Groningen Open"]
[Site "Groningen NED"]
[Date "2014.12.24"]
[Round "4.19"]
[White "Vos, Tjark"]
[Black "Brzeski, Maciej"]
[Result "0-1"]
[WhiteElo "2173"]
[BlackElo "2332"]
[WhiteFideId "1020870"]
[BlackFideId "1121537"]
[EventDate "2014.12.21"]

1. e4 e5 2. Nf3 Nc6 3. Bb5 Nf6 4. O-O Nxe4 5. d4 Nd6 6. Bxc6 dxc6 7. dxe5 Nf5 8.
Qxd8+ Kxd8 9. Nc3 Bd7 10. b3 h6 11. h3 Ne7 12. g4 c5 13. Nd2 h5 14. f3 Ng6 15.
Re1 Nf4 16. Nde4 Nxh3+ 17. Kg2 hxg4 18. fxg4 Bxg4 19. Rh1 Bd7 20. Nf2 Rh5 21.
Kg3 Rxe5 22. Nxh3 Bd6 23. Nf4 g5 24. Nd3 Rf5+ 25. Kg2 Bc6+ 26. Kg1 Bxh1 27. Kxh1
Kd7 28. Be3 Rf3 29. Bf2 Rh3+ 30. Kg2 Rh2+ 31. Kf1 Re8 32. Rd1 Kc6 33. a3 a5 34.
Re1 Rxe1+ 35. Nxe1 f5 36. a4 g4 37. Bg1 Rh8 38. Nd3 b6 39. Ne2 Re8 40. Ndf4 Bxf4
41. Nxf4 c4 42. bxc4 Re4 43. Nd3 Kb7 44. Nb2 c5 0-1

[Event "52nd Groningen Open"]
[Site "Groningen NED"]
[Date "2014.12.24"]
[Round "4.20"]
[White "Warmerdam, Max"]
[Black "De Jong, Migchiel"]
[Result "1/2-1/2"]
[BlackTitle "IM"]
[WhiteElo "2123"]
[BlackElo "2320"]
[WhiteFideId "1048104"]
[BlackFideId "1002848"]
[EventDate "2014.12.21"]

1. e4 e6 2. d4 d5 3. Nc3 Bb4 4. e5 Ne7 5. a3 Bxc3+ 6. bxc3 b6 7. Qg4 Ng6 8. h4
h5 9. Qd1 c5 10. Be2 Qc7 11. Bb2 cxd4 12. cxd4 Ba6 13. Bxa6 Nxa6 14. Ne2 Qc4 15.
Rh3 Kd7 16. Rc3 Qa4 17. Rf3 Raf8 18. g3 Ne7 19. Qd2 Nf5 20. O-O-O Rc8 21. Nc3
Qa5 22. Qg5 g6 23. Rd2 Rc4 24. Qf6 Rf8 25. Ne2 Nc7 26. Nf4 Ne8 27. Qg5 Qa4 28.
Rfd3 Rh8 29. f3 Qc6 30. g4 hxg4 31. fxg4 Rxh4 32. gxf5 Rh1+ 33. Rd1 Rxc2+ 34.
Kb1 Rhh2 35. fxe6+ fxe6 36. Rb3 Qc4 37. Qg3 g5 38. Nd3 Rcg2 39. Qf3 g4 40. Nc5+
Ke7 41. Qf1 g3 42. Qf4 Qc2+ 43. Ka2 Qxd1 44. Qg5+ Kf7 45. Qf4+ Kg8 46. Nxe6
Rxb2+ 47. Rxb2 Rxb2+ 48. Kxb2 Qe2+ 49. Kb3 Qd3+ 50. Kb2 Qe2+ 51. Kb3 Qd1+ 52.
Kb2 Qe2+ 1/2-1/2

[Event "52nd Groningen Open"]
[Site "Groningen NED"]
[Date "2014.12.24"]
[Round "4.21"]
[White "Wacker, Peter"]
[Black "Theulings, Paul-Peter"]
[Result "1-0"]
[WhiteTitle "FM"]
[BlackTitle "CM"]
[WhiteElo "2305"]
[BlackElo "2132"]
[WhiteFideId "4615751"]
[BlackFideId "1002899"]
[EventDate "2014.12.21"]

1. e4 Nf6 2. e5 Nd5 3. d4 d6 4. Nf3 Nc6 5. c4 Nb6 6. exd6 exd6 7. Be2 Be7 8. O-O
O-O 9. Nc3 Bg4 10. b3 Re8 11. Be3 Bf6 12. h3 Bh5 13. Qd2 h6 14. Rac1 d5 15. c5
Nc8 16. g4 Bg6 17. a3 N8e7 18. b4 a6 19. Ne1 Be4 20. Rd1 Bh4 21. Nxe4 dxe4 22.
d5 Nb8 23. Ng2 Ng6 24. d6 cxd6 25. Qxd6 Qxd6 26. Rxd6 Be7 27. Rb6 Ra7 28. c6 Ne5
29. Rxb7 Rxb7 30. cxb7 Nec6 31. Rc1 Bf8 32. Bf4 Re7 33. Bxa6 1-0

[Event "52nd Groningen Open"]
[Site "Groningen NED"]
[Date "2014.12.24"]
[Round "4.22"]
[White "Kevlishvili, Robby"]
[Black "Maatman, Nick"]
[Result "1-0"]
[WhiteTitle "FM"]
[WhiteElo "2366"]
[BlackElo "2226"]
[WhiteFideId "1040634"]
[BlackFideId "1040391"]
[EventDate "2014.12.21"]

1. e4 e5 2. Nf3 Nc6 3. Bb5 g6 4. Nc3 Bg7 5. O-O Nge7 6. Re1 O-O 7. Nd5 d6 8.
Nxe7+ Qxe7 9. c3 Qf6 10. h3 Nd8 11. d4 Ne6 12. d5 Nf4 13. Bf1 h6 14. Nh2 Qe7 15.
Be3 g5 16. c4 f5 17. f3 Qf7 18. Bd3 Nxd3 19. Qxd3 Qg6 20. Rf1 Bf6 21. c5 Be7 22.
cxd6 Bxd6 23. Rac1 Bd7 24. a3 h5 25. Bc5 Rac8 26. b4 Kg7 27. Rc2 g4 28. fxg4
fxg4 29. Rxf8 Rxf8 30. Bxd6 cxd6 31. hxg4 Bxg4 32. Rc7+ Rf7 33. Rxf7+ Qxf7 34.
Nf1 Qc7 35. Qd2 Qb6+ 36. Kh2 Qd4 37. Qg5+ Kf7 38. Ng3 Qf2 39. Nxh5 Bxh5 40.
Qxh5+ Ke7 41. Qh6 Kd7 42. Kh3 Qf7 43. Qg5 Kc7 44. Kg4 a6 45. Qh6 Qf1 46. Qd2 Qa1
47. Qd3 Qc1 48. Kh5 Qh1+ 49. Qh3 Qd1+ 50. Kg6 Qf1 51. Qf3 Qh1 52. a4 Qe1 53. g4
Qxb4 54. g5 Qxa4 55. Qf7+ Kb6 56. Kf5 Qb3 57. g6 Qh3+ 58. Kf6 Qh6 59. Ke7 Qh4+
60. Kxd6 1-0

[Event "52nd Groningen Open"]
[Site "Groningen NED"]
[Date "2014.12.24"]
[Round "4.23"]
[White "Beukema, Stefan"]
[Black "Heemskerk, Wim"]
[Result "1-0"]
[WhiteTitle "FM"]
[BlackTitle "FM"]
[WhiteElo "2364"]
[BlackElo "2169"]
[WhiteFideId "1024523"]
[BlackFideId "1001000"]
[EventDate "2014.12.21"]

1. e4 e6 2. d4 d5 3. Nc3 Nf6 4. Bg5 Be7 5. e5 Nfd7 6. h4 c5 7. Bxe7 Kxe7 8. Qh5
Nc6 9. Nf3 cxd4 10. Nb5 Qa5+ 11. Kd1 h6 12. Qg4 d3 13. Bxd3 Ndxe5 14. Nxe5 Nxe5
15. Qg3 Nxd3 16. Qxd3 Bd7 17. Nd4 Qc7 18. Re1 Kf8 19. Qe3 Rc8 20. f4 h5 21. Ke2
Qb6 22. Kf2 Rc4 23. Red1 f6 24. b3 Rc7 25. c4 dxc4 26. Nxe6+ Qxe6 27. Qxe6 Bxe6
28. Rd8+ Kf7 29. Rxh8 cxb3 30. axb3 Rc2+ 31. Ke3 Bxb3 32. Rxa7 Bd5 33. g3 Bc6
34. Rc8 Kg6 35. Rxb7 Rc3+ 36. Kd4 Bxb7 37. Rxc3 Bg2 38. Rc7 Bh3 39. Kd5 Kh6 40.
Kd6 g5 41. Ke7 gxf4 42. gxf4 Kg6 43. Rc6 Kf5 44. Rxf6+ Ke4 45. Kf7 Bf5 46. Rb6
Kxf4 47. Kf6 Bg4 48. Rb4+ Ke3 49. Ke5 Bd1 50. Rc4 Kf2 51. Kf4 Kg2 52. Rc3 Kh2
53. Rd3 Bg4 54. Rd2+ Kh3 55. Rf2 Bd1 56. Kg5 Kg3 57. Rf6 1-0

[Event "52nd Groningen Open"]
[Site "Groningen NED"]
[Date "2014.12.24"]
[Round "4.24"]
[White "Berkovich, Mark A"]
[Black "Ratsma, Rosa"]
[Result "1-0"]
[WhiteTitle "IM"]
[WhiteElo "2362"]
[BlackElo "2165"]
[WhiteFideId "2801639"]
[BlackFideId "1033662"]
[EventDate "2014.12.21"]

1. g3 Nf6 2. Bg2 g6 3. c4 Bg7 4. Nc3 O-O 5. e4 e5 6. Nge2 Nc6 7. O-O d6 8. d3 a6
9. h3 Rb8 10. Be3 Nd7 11. f4 b5 12. Qd2 Nd4 13. f5 bxc4 14. dxc4 Nb6 15. b3 c5
16. g4 f6 17. Ng3 g5 18. Rab1 Bd7 19. Nd5 Be8 20. Qa5 Rf7 21. Bd2 Ra7 22. Rfd1
Bf7 23. Kf2 Nc6 24. Qc3 Rab7 25. h4 h6 26. hxg5 hxg5 27. Be3 Nd4 28. Bd2 Qd7 29.
Rh1 a5 30. Nxb6 Rxb6 31. Qxa5 Bxc4 32. Qc3 Bf7 33. Nh5 Bh8 34. Bf1 Qa7 35. Bc4
Qb7 36. Bxf7+ Qxf7 37. Qh3 Kf8 38. Nf4 exf4 39. Qxh8+ Ke7 40. Qh7 Rg8 41. Qxf7+
Kxf7 42. Bc3 Kg7 43. Bxd4 cxd4 44. Rbc1 Rb7 45. Rh3 Re7 46. Kf3 d5 47. exd5 Re3+
48. Kg2 Rxh3 49. Kxh3 Rd8 50. Rd1 Rxd5 51. Kg2 Kf7 52. Kf3 Ke7 53. Ke4 Kd6 54.
Rxd4 Rxd4+ 55. Kxd4 Kc6 56. a4 Kb6 57. b4 Kc6 58. a5 Kb5 59. Kd3 Kc6 60. Kc4 Kb7
61. b5 Kc7 62. Kd4 Kb7 63. b6 Kc6 64. Kc4 Kb7 65. Kb5 f3 66. a6+ Kb8 67. Kc6 f2
68. a7+ Ka8 69. Kc7 1-0

[Event "52nd Groningen Open"]
[Site "Groningen NED"]
[Date "2014.12.24"]
[Round "4.25"]
[White "Chu, Wei Chao"]
[Black "Den Hartog, Marijn"]
[Result "1/2-1/2"]
[WhiteTitle "IM"]
[WhiteElo "2361"]
[BlackElo "2150"]
[WhiteFideId "8605661"]
[BlackFideId "1046098"]
[EventDate "2014.12.21"]

1. d4 Nf6 2. c4 g6 3. Nc3 Bg7 4. e4 d6 5. Nf3 O-O 6. Be2 e5 7. O-O exd4 8. Nxd4
Re8 9. f3 c6 10. Be3 d5 11. cxd5 Nxd5 12. Nxd5 cxd5 13. Qb3 Nc6 14. Rad1 Nxd4
15. Bxd4 Bxd4+ 16. Rxd4 Qf6 17. Qxd5 Be6 18. Qc5 Rac8 19. Qb4 Bxa2 20. Rfd1 Qf4
21. Qa3 Be6 22. Bb5 Rf8 23. Bd7 Rc2 24. Bxe6 fxe6 25. Qb3 Re2 26. Kh1 Qe5 27.
R4d2 Rxd2 28. Rxd2 Rc8 29. g3 b5 30. Qd3 Qc5 31. Qd7 Qc4 32. Kg2 Rc7 33. Qd8+
Kg7 34. e5 Rf7 35. Qd6 Qb3 36. f4 a5 37. h4 h5 38. Qd8 Qb4 39. Kh3 Qe4 40. Kh2
Qb4 41. Rc2 Qe4 42. Qd2 a4 43. Rc8 b4 44. Qd8 Qe2+ 45. Kh3 1/2-1/2

[Event "52nd Groningen Open"]
[Site "Groningen NED"]
[Date "2014.12.24"]
[Round "4.26"]
[White "Von Meijenfeldt, Bart"]
[Black "Burcu, Cagatay"]
[Result "0-1"]
[WhiteTitle "FM"]
[WhiteElo "2326"]
[BlackElo "2149"]
[WhiteFideId "1032259"]
[BlackFideId "6310630"]
[EventDate "2014.12.21"]

1. e4 e6 2. d4 d5 3. Nd2 Be7 4. Ngf3 Nf6 5. Bd3 c5 6. e5 Nfd7 7. c3 Nc6 8. O-O
g5 9. h3 h5 10. dxc5 g4 11. Nd4 Ndxe5 12. Bb5 Bd7 13. f4 Nxd4 14. Bxd7+ Qxd7 15.
cxd4 Nc6 16. hxg4 Nxd4 17. Nb3 Nxb3 18. Qxb3 Bxc5+ 19. Be3 d4 20. Rfd1 hxg4 21.
Qc4 Rc8 22. Bxd4 Bxd4+ 23. Qxd4 Qxd4+ 24. Rxd4 Ke7 25. Rad1 Rhd8 26. Kh2 Rxd4
27. Rxd4 Rc2 28. Rb4 b6 29. Kg3 Kd6 30. Rb3 Kc5 31. Kxg4 Rxg2+ 32. Kf3 Rc2 33.
Ke4 f6 34. Kd3 Rc4 35. Ke3 a5 36. a3 b5 37. Kf3 e5 38. fxe5 fxe5 39. Re3 Kd5 40.
Rb3 b4 41. axb4 Rxb4 42. Rd3+ Kc4 43. Rc3+ Kd4 44. Kg4 Rxb2 45. Ra3 Rb5 46. Kf5
Kc4 47. Ke4 Kb4 48. Ra1 a4 49. Rb1+ Ka5 50. Ra1 Rc5 51. Kd3 Kb4 52. Rb1+ Ka3 53.
Ra1+ Kb3 54. Rb1+ Ka2 55. Rb6 a3 56. Ke4 Ka1 0-1

[Event "52nd Groningen Open"]
[Site "Groningen NED"]
[Date "2014.12.24"]
[Round "4.27"]
[White "Van Foreest, Lucas"]
[Black "Schoppen, Casper"]
[Result "1-0"]
[WhiteElo "2319"]
[BlackElo "1927"]
[WhiteFideId "1039792"]
[BlackFideId "1046730"]
[EventDate "2014.12.21"]

1. e4 c5 2. Nf3 d6 3. Bb5+ Bd7 4. Bxd7+ Qxd7 5. c4 Nf6 6. Nc3 Nc6 7. O-O e6 8.
Re1 Ne5 9. d3 Be7 10. b3 O-O 11. h3 Qc6 12. Be3 a6 13. a4 Qb6 14. a5 Qc7 15. d4
cxd4 16. Bxd4 Nfd7 17. Nb1 Bf6 18. Nxe5 dxe5 19. Bc3 Rad8 20. Nd2 Nb8 21. Qc2
Nc6 22. Nf3 Be7 23. Ra4 f6 24. b4 Na7 25. Nd2 Qd7 26. Raa1 Nc6 27. Rab1 Nxb4 28.
Rxb4 Bxb4 29. Bxb4 Rf7 30. Re3 Qc6 31. Rb3 Rfd7 32. Kh2 Qa4 33. Rb2 Qxc2 34.
Rxc2 Rd3 35. Kg1 Kf7 36. Kf1 R3d7 37. Ke2 Rc7 38. Rc3 Ke8 39. h4 Kd7 40. Rd3+
Ke8 41. Rxd8+ Kxd8 42. Bd6 Rc8 43. Kd3 Kd7 44. Ba3 Kc6 45. Nb3 Rd8+ 46. Ke2 b6
47. axb6 Kxb6 48. Bb4 Kc6 49. Bd2 h5 50. Be3 Rb8 51. Na5+ Kc7 52. Kd3 Rb4 53.
Kc3 Rb1 54. Nb3 Kc6 55. Bc1 1-0

[Event "52nd Groningen Open"]
[Site "Groningen NED"]
[Date "2014.12.24"]
[Round "4.28"]
[White "Sparenberg, Erik"]
[Black "Kolbus, Dietmar"]
[Result "1/2-1/2"]
[BlackTitle "IM"]
[WhiteElo "2105"]
[BlackElo "2317"]
[WhiteFideId "1013262"]
[BlackFideId "4610628"]
[EventDate "2014.12.21"]

1. e4 c5 2. Nf3 a6 3. c3 d5 4. exd5 Qxd5 5. d4 e6 6. Be3 cxd4 7. Qxd4 Nf6 8. Bc4
Qxd4 9. Nxd4 Bd7 10. Nd2 Nc6 11. N2f3 Rc8 12. Bb3 Nxd4 13. Nxd4 Bc5 14. Nc2 Be7
15. O-O Bb5 16. Rfe1 O-O 17. Rad1 Bc4 18. Bg5 Bxb3 19. axb3 Rfd8 20. Ne3 Kf8 21.
Kf1 Ne4 22. Bxe7+ Kxe7 23. b4 Nd2+ 24. Ke2 Nc4 25. Rxd8 Kxd8 26. Nxc4 Rxc4 27.
Kd3 Rh4 28. h3 Rh5 29. Re4 Ke7 30. Rc4 Rd5+ 31. Rd4 Rb5 32. Rc4 Rd5+ 1/2-1/2

[Event "52nd Groningen Open"]
[Site "Groningen NED"]
[Date "2014.12.24"]
[Round "4.29"]
[White "Mollema, Thomas"]
[Black "Beerdsen, Thomas"]
[Result "1-0"]
[BlackTitle "FM"]
[WhiteElo "2136"]
[BlackElo "2314"]
[WhiteFideId "1034987"]
[BlackFideId "1030108"]
[EventDate "2014.12.21"]

1. e4 c5 2. Nf3 d6 3. c3 Nf6 4. Bd3 g6 5. h3 Bg7 6. Bc2 O-O 7. O-O Nc6 8. Re1 b5
9. d4 cxd4 10. Nxd4 Nxd4 11. cxd4 Bb7 12. Nd2 Rc8 13. Bd3 Qb6 14. Nf3 d5 15. e5
Ne4 16. Qe2 b4 17. Bf4 f6 18. Qe3 fxe5 19. Bxe5 Bxe5 20. Nxe5 Rc7 21. Nf3 Qa5
22. Rac1 Rfc8 23. Rxc7 Qxc7 24. Ng5 Nxg5 25. Qxg5 e6 26. h4 Qd8 27. Qg4 Qf6 28.
Rxe6 Rc1+ 29. Kh2 Qxf2 30. Bxg6 Qg1+ 31. Kg3 Re1 32. Be4+ Kf8 33. Qf5+ Kg8 34.
Re8+ Kg7 35. Qf8# 1-0

[Event "52nd Groningen Open"]
[Site "Groningen NED"]
[Date "2014.12.24"]
[Round "4.30"]
[White "De Groot, Hendrik"]
[Black "Afek, Yochanan"]
[Result "1/2-1/2"]
[BlackTitle "IM"]
[WhiteElo "2097"]
[BlackElo "2285"]
[WhiteFideId "1037021"]
[BlackFideId "2800462"]
[EventDate "2014.12.21"]

1. d4 Nf6 2. g3 g6 3. Bg2 Bg7 4. e4 d6 5. Nc3 O-O 6. Nge2 Nbd7 7. O-O e5 8. dxe5
dxe5 9. h3 c6 10. a4 a5 11. Be3 Qe7 12. Qd2 Nc5 13. Rfd1 Be6 14. Qd6 Qxd6 15.
Rxd6 Na6 16. Rad1 Rfe8 17. Bb6 Bf8 18. R6d2 Bh6 19. Rd8 Raxd8 20. Rxd8 Rxd8 21.
Bxd8 Nd7 22. g4 f6 23. Bf1 Nb4 24. Bxa5 Nxc2 25. Bc7 Kf7 26. Bd6 Bb3 27. f4 Ke6
28. Bc7 Ke7 29. Nc1 Bf7 30. Nd3 exf4 31. Bxf4 Bxf4 32. Nxf4 Kd6 33. Kf2 Ne5 34.
Nd3 Nxd3+ 35. Bxd3 Nb4 36. Be2 Kc5 37. Ke3 Nc2+ 38. Kf4 Nd4 39. Bd1 g5+ 40. Ke3
Bg6 41. e5 fxe5 42. Ne4+ Bxe4 43. Kxe4 Kd6 44. b4 Ke6 45. a5 Nb5 46. Bb3+ Kf6
47. Kd3 Nd6 48. Ba4 Nb5 49. Bb3 Nc7 50. Bg8 h6 51. Bh7 Ke6 52. Kc4 Kd6 53. Be4
Nd5 54. Bf3 Ne3+ 55. Kd3 Nd5 56. Kc4 Nf6 57. Kd3 Kc7 58. Kc4 Kd6 59. Kd3 Nd5 60.
Kc4 1/2-1/2

[Event "52nd Groningen Open"]
[Site "Groningen NED"]
[Date "2014.12.24"]
[Round "4.31"]
[White "Salov, Sergej"]
[Black "Kokje, Joris"]
[Result "1-0"]
[WhiteTitle "IM"]
[WhiteElo "2256"]
[BlackElo "1865"]
[WhiteFideId "4107926"]
[BlackFideId "1051024"]
[EventDate "2014.12.21"]

1. e4 c5 2. Nf3 Nc6 3. Bb5 d6 4. Bxc6+ bxc6 5. O-O e5 6. c3 Bg4 7. h3 Bxf3 8.
Qxf3 Nf6 9. d3 Be7 10. Nd2 O-O 11. Nc4 Qc7 12. Qe2 Nd7 13. f4 Bf6 14. fxe5 Nxe5
15. Rxf6 Nxc4 16. dxc4 gxf6 17. Bh6 Qd7 18. Qf2 1-0

[Event "52nd Groningen Open"]
[Site "Groningen NED"]
[Date "2014.12.24"]
[Round "4.32"]
[White "Dijkstra, Arjan"]
[Black "Lyell, Mark"]
[Result "0-1"]
[BlackTitle "FM"]
[WhiteElo "2029"]
[BlackElo "2236"]
[WhiteFideId "1021389"]
[BlackFideId "402354"]
[EventDate "2014.12.21"]

1. e4 e5 2. Bc4 Nf6 3. d3 Bc5 4. Nc3 O-O 5. f4 exf4 6. Bxf4 c6 7. e5 d5 8. d4
Bb4 9. Bb3 Ne4 10. Ne2 Qh4+ 11. Bg3 Nxg3 12. Nxg3 a5 13. a3 Bxc3+ 14. bxc3 a4
15. Ba2 b5 16. O-O Na6 17. c4 dxc4 18. c3 Nc7 19. Qf3 Nd5 20. h3 f5 21. Bb1 g6
22. Ne4 Qh6 23. Nf6+ Nxf6 24. Qxc6 Qe3+ 25. Kh2 Qxc3 26. exf6 Qxd4 27. f7+ Kxf7
28. Be4 Be6 29. Rad1 Qe5+ 30. Kh1 Rac8 31. Qb7+ Rc7 32. Qb6 Qc5 33. Qa6 Ra7 34.
Qc6 Qxc6 35. Bxc6 Rc8 36. Bxb5 Rc5 37. Rb1 c3 38. Bd3 c2 39. Rbc1 Rc3 40. Rf3
Rac7 41. Kg1 Bd5 0-1

[Event "52nd Groningen Open"]
[Site "Groningen NED"]
[Date "2014.12.24"]
[Round "4.33"]
[White "Simonian, Tigran"]
[Black "Edeling, Jeroen"]
[Result "1-0"]
[WhiteTitle "IM"]
[WhiteElo "2406"]
[BlackElo "2142"]
[WhiteFideId "13303597"]
[BlackFideId "1010514"]
[EventDate "2014.12.21"]

1. Nf3 Nf6 2. c4 c5 3. e3 g6 4. Nc3 Bg7 5. d4 cxd4 6. exd4 d5 7. h3 O-O 8. Be2
Nc6 9. O-O dxc4 10. Bxc4 Na5 11. Be2 Be6 12. Re1 Rc8 13. Ne5 Nd5 14. Nxd5 Bxd5
15. Be3 Nc6 16. Nxc6 Rxc6 17. Qa4 Qb6 18. Bb5 Rcc8 19. Re2 a6 20. Bd3 h6 21.
Rae1 e6 22. Rc2 Rxc2 23. Qxc2 Qc6 24. Qxc6 Bxc6 25. Rc1 Rd8 26. Bxa6 Bxg2 27.
Kxg2 bxa6 28. Rc6 a5 29. Rc5 Bxd4 30. Bxd4 Rxd4 31. Rxa5 Kg7 32. a3 Rd3 33. Rb5
Kf6 34. a4 Rd4 35. b4 Rd3 36. a5 Ra3 37. Rb6 Ke5 38. a6 Kd5 39. b5 1-0

[Event "52nd Groningen Open"]
[Site "Groningen NED"]
[Date "2014.12.24"]
[Round "4.34"]
[White "Al-Hajiri, Bader"]
[Black "Senders, Mischa"]
[Result "1-0"]
[WhiteTitle "CM"]
[BlackTitle "FM"]
[WhiteElo "2139"]
[BlackElo "2380"]
[WhiteFideId "10300163"]
[BlackFideId "1038370"]
[EventDate "2014.12.21"]

1. e4 c5 2. Nf3 d6 3. d4 Nf6 4. Nc3 cxd4 5. Qxd4 Bd7 6. Bg5 Nc6 7. Qd2 h6 8.
Bxf6 gxf6 9. O-O-O a6 10. Kb1 b5 11. Be2 e6 12. Rde1 Qa5 13. Nd4 Qb6 14. Nxc6
Bxc6 15. Bh5 Be7 16. Qf4 Qd4 17. Qg4 Kf8 18. Re3 Rg8 19. Qh3 f5 20. Bf3 fxe4 21.
Qxh6+ Qg7 22. Qxg7+ Rxg7 23. Nxe4 d5 24. Nd2 Rd8 25. Re2 Bf6 26. h4 e5 27. g3 e4
28. Bg2 b4 29. Nf1 Rg8 30. Ne3 a5 31. Rd1 a4 32. Red2 b3 33. Nxd5 bxa2+ 34. Kxa2
Bxd5+ 35. Rxd5 Rb8 36. c3 Re8 37. Rf5 Kg7 38. Re1 a3 39. Rxe4 Rxe4 40. Bxe4 Rb8
41. Kxa3 1-0